<?xml version="1.0" encoding="UTF-8"?>
<record
    xmlns:xsi="http://www.w3.org/2001/XMLSchema-instance"
    xsi:schemaLocation="http://www.loc.gov/MARC21/slim http://www.loc.gov/standards/marcxml/schema/MARC21slim.xsd"
    xmlns="http://www.loc.gov/MARC21/slim">

  <leader>02974cam a2200349 a 4500</leader>
  <controlfield tag="001">15682518</controlfield>
  <controlfield tag="003">EG-ScBUE</controlfield>
  <controlfield tag="005">20220104140505.0</controlfield>
  <controlfield tag="008">090401s2009    nyu    f b    000 0 eng d</controlfield>
  <datafield tag="020" ind1=" " ind2=" ">
    <subfield code="a">0812980018</subfield>
  </datafield>
  <datafield tag="020" ind1=" " ind2=" ">
    <subfield code="a">9780812980011</subfield>
  </datafield>
  <datafield tag="040" ind1=" " ind2=" ">
    <subfield code="a">DLC</subfield>
    <subfield code="b">eng</subfield>
    <subfield code="e">rda</subfield>
    <subfield code="c">DLC</subfield>
    <subfield code="d">YDX</subfield>
    <subfield code="d">SNM</subfield>
    <subfield code="d">DLC</subfield>
    <subfield code="d">EG-ScBUE</subfield>
  </datafield>
  <datafield tag="082" ind1="0" ind2="4">
    <subfield code="a">823.7</subfield>
    <subfield code="2">22</subfield>
    <subfield code="b">TRU</subfield>
  </datafield>
  <datafield tag="245" ind1="0" ind2="2">
    <subfield code="a">A truth Universally Acknowledged :</subfield>
    <subfield code="b">33 Great Writers on Why we Read Jane Austen /</subfield>
    <subfield code="c">edited by Susannah Carson ; foreword by Harold Bloom.</subfield>
  </datafield>
  <datafield tag="246" ind1="3" ind2="3">
    <subfield code="a">Truth universally acknowledged :</subfield>
    <subfield code="b">thirty three great writers on why we read Jane Austen</subfield>
  </datafield>
  <datafield tag="264" ind1=" " ind2="1">
    <subfield code="a">New York :</subfield>
    <subfield code="b">Random House,</subfield>
    <subfield code="c">2009.</subfield>
  </datafield>
  <datafield tag="300" ind1=" " ind2=" ">
    <subfield code="a">xx, 295 pages ;</subfield>
    <subfield code="c">24 cm</subfield>
  </datafield>
  <datafield tag="336" ind1=" " ind2=" ">
    <subfield code="2">rdacontent</subfield>
    <subfield code="a">text</subfield>
    <subfield code="b">txt</subfield>
  </datafield>
  <datafield tag="337" ind1=" " ind2=" ">
    <subfield code="2">rdamedia</subfield>
    <subfield code="a">unmediated</subfield>
    <subfield code="b">n</subfield>
  </datafield>
  <datafield tag="338" ind1=" " ind2=" ">
    <subfield code="2">rdacarrier</subfield>
    <subfield code="a">volume</subfield>
    <subfield code="b">nc</subfield>
  </datafield>
  <datafield tag="504" ind1=" " ind2=" ">
    <subfield code="a">Includes bibliographic references.</subfield>
  </datafield>
  <datafield tag="505" ind1="0" ind2=" ">
    <subfield code="a">Why we read Jane Austen : young persons in interesting situations / Susanna Clarke -- The radiance of Jane Austen / Eudora Welty -- Six reasons to read Jane Austen / Rebecca Mead -- Jane Austen : the six novels / E. M. Forster -- A life among the manuscripts : following in the steps of Dr. Chapman / Brian Southam -- Reading Northanger Abbey / Susannah Carson -- On Sense and Sensibility / Ian Watt -- From "Why we read Jane Austen" / Lionel Trilling -- Jane Austen and Pride and Prejudice / W. Somerset Maugham -- Force of love : Price and Prejudice by Jane Austen / Martin Amis -- The nerds of Pride and Prejudice / Benjamin Nugent -- Austen portrays a small world with humor and detachment / J. B. Priestley -- Pride and Prejudice and the mysteries of life / Anna Quindlen -- A note on Jane Austen / C. S. Lewis -- Jane Austen and the good life / Louis Auchincloss -- What became of Jane Austen? / Kingsley Amis -- from "Jane Austen : Mansfield Park" / A. S. Byatt, Ignes Sodre -- The modest art of altering life / Alain De Botton -- Let others deal with misery / Fay Weldon -- Fanny was right : Jane Austen as moral guide / James Collins -- Why I like Jane Austen / Janet Todd -- Why do we read Jane Austen? / John Wiltshire -- The girls who don't say "whoo!" / Amy Heckerling -- Reading and rereading Emma / David Lodge -- from "Emma and the legend of Jane Austen" / Lionel Trilling -- The perfections of Jane Austen / Eva Brann -- from "The myth of limitation" / Donald Greene -- Terrible Jane / Amy Bloom -- Some thoughts on the craft of Austen's Persuasion / Diane Johnson -- Nothing but himself / Margot Livesey -- Jane Austen at sixty / Virginia Woolf -- Beautiful minds / Jay MacInerney.</subfield>
  </datafield>
  <datafield tag="600" ind1="1" ind2="7">
    <subfield code="a">Austen, Jane,</subfield>
    <subfield code="d">1775-1817</subfield>
    <subfield code="x">Appreciation.</subfield>
    <subfield code="2">BUEsh</subfield>
    <subfield code="9">29837</subfield>
  </datafield>
  <datafield tag="600" ind1="1" ind2="7">
    <subfield code="a">Austen, Jane,</subfield>
    <subfield code="d">1775-1817</subfield>
    <subfield code="x">Influence.</subfield>
    <subfield code="2">BUEsh</subfield>
    <subfield code="9">29838</subfield>
  </datafield>
  <datafield tag="650" ind1=" " ind2=" ">
    <subfield code="2">BUEsh</subfield>
  </datafield>
  <datafield tag="651" ind1=" " ind2=" ">
    <subfield code="2">BUEsh</subfield>
  </datafield>
  <datafield tag="653" ind1=" " ind2=" ">
    <subfield code="c">May2012</subfield>
    <subfield code="b">HHUUEENN</subfield>
  </datafield>
  <datafield tag="655" ind1=" " ind2=" ">
    <subfield code="v">Reading book</subfield>
    <subfield code="9">34232</subfield>
  </datafield>
  <datafield tag="700" ind1="1" ind2=" ">
    <subfield code="a">Carson, Susannah,</subfield>
    <subfield code="e">editor.</subfield>
    <subfield code="9">29839</subfield>
  </datafield>
  <datafield tag="942" ind1=" " ind2=" ">
    <subfield code="2">ddc</subfield>
    <subfield code="c">BB</subfield>
  </datafield>
  <datafield tag="999" ind1=" " ind2=" ">
    <subfield code="c">16712</subfield>
    <subfield code="d">16712</subfield>
  </datafield>
  <datafield tag="952" ind1=" " ind2=" ">
    <subfield code="0">0</subfield>
    <subfield code="1">0</subfield>
    <subfield code="2">ddc</subfield>
    <subfield code="4">0</subfield>
    <subfield code="7">0</subfield>
    <subfield code="8">Baccah</subfield>
    <subfield code="a">MAIN</subfield>
    <subfield code="b">MAIN</subfield>
    <subfield code="c">2ND</subfield>
    <subfield code="d">2012-05-06</subfield>
    <subfield code="e">purchase</subfield>
    <subfield code="g">95.00</subfield>
    <subfield code="h">15016</subfield>
    <subfield code="l">0</subfield>
    <subfield code="o">823.7 TRU</subfield>
    <subfield code="p">000026748</subfield>
    <subfield code="r">2025-07-15 00:00:00</subfield>
    <subfield code="w">2012-05-06</subfield>
    <subfield code="y">BB</subfield>
  </datafield>
</record>
